Pharmaceutics II (Record no. 8295)
[ view plain ]
| 000 -LEADER | |
|---|---|
| fixed length control field | 00317nam a2200121Ia 4500 |
| 008 - FIXED-LENGTH DATA ELEMENTS--GENERAL INFORMATION | |
| fixed length control field | 191201s2018 xx 000 0 und d |
| 100 ## - MAIN ENTRY--PERSONAL NAME | |
| Personal name | BHALLA,Vijay and RASTOGI, Sameer |
| 245 #0 - TITLE STATEMENT | |
| Title | Pharmaceutics II |
| 260 ## - PUBLICATION, DISTRIBUTION, ETC. (IMPRINT) | |
| Name of publisher, distributor, etc | Mickhingee Pub |
| Place of publication, distribution, etc | New Delhi |
| Date of publication, distribution, etc | 2018 |
| 300 ## - PHYSICAL DESCRIPTION | |
| Extent | 161 |
| 650 ## - SUBJECT ADDED ENTRY--TOPICAL TERM | |
| Topical term or geographic name as entry element | Pharmaceutics - 4 |
| 942 ## - ADDED ENTRY ELEMENTS (KOHA) | |
| Source of classification or shelving scheme | Dewey Decimal Classification |
| Koha item type | Text Books |
| 942 ## - ADDED ENTRY ELEMENTS (KOHA) | |
| -- | 2 |
| Withdrawn status | Lost status | Source of classification or shelving scheme | Damaged status | Not for loan | Collection code | Home library | Current library | Date acquired | Source of acquisition | Cost, normal purchase price | Bill Number | Total Checkouts | Acc. no. / Barcode | Date last seen | Date last borrowed | Actual Cost, discounted price | Bill Date | Koha item type |
|---|---|---|---|---|---|---|---|---|---|---|---|---|---|---|---|---|---|---|
| Dewey Decimal Classification | Diploma in Pharmacy | PIET C-LIBRARY | PIET C-LIBRARY | 26/03/2019 | Kirti Prakashan | 175.00 | IN 3106 | 1 | DP395 | 20/08/2020 | 01/08/2020 | 108.50 | 12/03/2019 | Text Books | ||||
| Dewey Decimal Classification | Diploma in Pharmacy | PIET C-LIBRARY | PIET C-LIBRARY | 26/03/2019 | Kirti Prakashan | 155.00 | IN 3106 | 1 | DP396 | 08/01/2021 | 01/08/2020 | 108.50 | 12/03/2019 | Text Books | ||||
| Dewey Decimal Classification | Diploma in Pharmacy | PIET C-LIBRARY | PIET C-LIBRARY | 26/03/2019 | Kirti Prakashan | 155.00 | IN 3106 | DP397 | 04/12/2019 | 108.50 | 12/03/2019 | Text Books | ||||||
| Dewey Decimal Classification | Diploma in Pharmacy | PIET C-LIBRARY | PIET C-LIBRARY | 26/03/2019 | Kirti Prakashan | 155.00 | IN 3106 | DP398 | 04/12/2019 | 108.50 | 12/03/2019 | Reference Books |